Japan: from prehistory to modern time

Збережено в:
Бібліографічні деталі
Автор: Hall, John Whitney (Автор)
Формат: Книга
Мова:Англійська
Опубліковано: Tokio Charles E.Tuttle 1993
Редагування:20a. ed
Предмети:
Теги: Додати тег
Немає тегів, Будьте першим, хто поставить тег для цього запису!

MARC

LEADER 00000nam a2200000 a 4500
001 UCY1986
003 CL-VaPUC
008 941004e19930000JA |||||||||||||||||eng|d
082 0 4 |a 952  |b HAL  |2 21 
100 0 |a Hall, John Whitney  |e author  |9 330049 
245 1 0 |a Japan: from prehistory to modern time 
250 |a 20a. ed 
300 |a 397 p 
942 |c BK 
945 |d 19941004 00:00:00  |a mfernand 
260 |a Tokio  |b Charles E.Tuttle  |c 1993 
650 0 |a Historia  |9 255047 
651 0 |a Japón   |9 260391 
583 |a last modification  |c 19941004 00:00:00  |k Rodrigo Vera 
999 |c 230524  |d 230522 
952 |0 0  |1 0  |4 0  |6 952_000000000000000_HAL_1993  |7 0  |8 A  |9 232883  |a BIBGIM  |b BIBGIM  |d 2019-11-15  |i 3023877  |l 1  |m 1  |o 952 HAL 1993  |p 3023877  |r 2025-01-15  |s 2023-11-23  |w 2019-11-15  |y BK  |k ORI